| 000 | 00467cam a2200181 4500 | ||
|---|---|---|---|
| 001 | D5926 | ||
| 008 | 090401t1980 xxu||||| |||| 00| 0 eng d | ||
| 035 | _a(Sirsi) u98243 | ||
| 041 | _aeng | ||
| 050 | _a331.2816925 | ||
| 110 |
_aInstitute of Quantity Surveyors _92491 |
||
| 245 | _aSalary survey Autumn 1980: quantity surveying | ||
| 260 |
_aStone _bReward Regional Surveys Ltd _c1980 |
||
| 300 | _a47p. 30cm | ||
| 350 | _a0 | ||
| 942 | _n0 | ||
| 948 | _c04/03/1997 | ||
| 999 |
_c99131 _d99131 |
||